Catálogo
 En Linea

Freakonomics : (Registro nro. 42516)

Detalles MARC
000 -CABECERA
campo de control de longitud fija 00655nam a2200181 a 4500
001 - NÚMERO DE CONTROL
campo de control 000043027
005 - FECHA Y HORA DE LA ÚLTIMA TRANSACCIÓN
campo de control 20201002040601.0
008 - DATOS DE LONGITUD FIJA--INFORMACIÓN GENERAL
campo de control de longitud fija 140217s2005 xxu 001 0 spa d
020 ## - NÚMERO INTERNACIONAL ESTÁNDAR DEL LIBRO
Número Internacional Estándar del Libro 006073132x
040 ## - FUENTE DE LA CATALOGACIÓN
Centro catalogador/agencia de origen DO-SdBNP
Lengua de catalogación spa
Centro/agencia transcriptor BNPHU
100 1# - ENTRADA PRINCIPAL--NOMBRE DE PERSONA
Nombre de persona Levitt, Steven D.
9 (RLIN) 70553
245 10 - MENCIÓN DE TÍTULO
Título Freakonomics :
Resto del título a rogue economist, explores the hidden, side of everything /
Mención de responsabilidad, etc. Steven D. Levitt, Stephen J. Dubner.
260 ## - PUBLICACIÓN, DISTRIBUCIÓN, ETC.
Lugar de publicación, distribución, etc. New York, :
Nombre del editor, distribuidor, etc. Harper Collins publishers,
Fecha de publicación, distribución, etc. 2005.
300 ## - DESCRIPCIÓN FÍSICA
Extensión 242 p. ;
Dimensiones 24 cm.
500 ## - NOTA GENERAL
Nota general Incluye datos biograficos de los autores en la solapa de la contraportada
500 ## - NOTA GENERAL
Nota general Incluye índice
700 1# - PUNTO DE ACCESO ADICIONAL--NOMBRE DE PERSONA
Nombre de persona Dubner, Stephen J.
9 (RLIN) 70554
Existencias
Estado de retiro Estado de pérdida Restricciones de uso No para préstamo Código de colección Localización permanente Ubicación/localización actual Ubicación en estantería Fecha de adquisición Número de inventario Total de préstamos Signatura topográfica completa Código de barras Fecha visto por última vez Precio válido a partir de Tipo de ítem Koha
      Excluido de préstamo Monografías: Libros y Folletos General General En catalogación 17.02.2014 LF1   43027-10 25.06.2020 25.06.2020 No se presta

Con tecnología Koha